Verkhnei︠u︡rskai︠a︡ fauna Gruzii. (Cephalopoda i Lemellibranchiata)
Saved in:
| Main Author: | |
|---|---|
| Format: | Book |
| Language: | Russian |
| Published: |
Tbilisi,
Izd-vo Akademii nauk Gruzinskoĭ SSR,
1957.
|
| Subjects: | |
| Tags: |
Add Tag
No Tags, Be the first to tag this record!
|
| LEADER | 00939nam a2200277I 4500 | ||
|---|---|---|---|
| 001 | 005190886-7 | ||
| 005 | 20090712201333.0 | ||
| 008 | 911206s1957 gs af b 000 0 rusr | ||
| 010 | |a 59017366 | ||
| 035 | 0 | |a ocm24905020 | |
| 040 | |a DLC |c CUY |d CUY |d HMZ | ||
| 043 | |a e-ur-gs | ||
| 050 | 0 | |a QE806 |b .K4 | |
| 100 | 1 | |a Khimshiashvili, N. G. |q (Nikolaĭ Georgievich) | |
| 245 | 1 | 0 | |a Verkhnei︠u︡rskai︠a︡ fauna Gruzii. |b (Cephalopoda i Lemellibranchiata) |
| 260 | |a Tbilisi, |b Izd-vo Akademii nauk Gruzinskoĭ SSR, |c 1957. | ||
| 300 | |a 312, [4] p. |b illus., 31 plates. |c 27 cm. | ||
| 500 | |a At head of title: Akademii︠a︡ nauk Gruzinskoĭ SSR. Sektor paleobiologii. | ||
| 500 | |a Added t.p. in Georgian. | ||
| 504 | |a Bibliography: p. 293-[313] | ||
| 650 | 0 | |a Bivalves, Fossil. | |
| 650 | 0 | |a Cephalopoda, Fossil. | |
| 650 | 0 | |a Paleontology |y Jurassic. | |
| 650 | 0 | |a Paleontology |z Georgia (Republic) | |
| 988 | |a 20020608 | ||
| 906 | |0 DLC | ||


